| 000 | 00000cam 2200000zi 4500 |
| 001 | 9.957970 |
| 003 | CaOODSP |
| 005 | 20260604104703 |
| 006 | m o d f |
| 007 | cr mn||||||||| |
| 008 | 251204t20252025onc ob f000 0 eng d |
| 020 | |a9780660975733 |
| 040 | |aCaOODSP|beng|erda|cCaOODSP |
| 043 | |an-cn--- |
| 086 | 1 |aBT58-15/2025E-PDF |
| 245 | 00|aPolicy on regulatory sandboxes. |
| 264 | 1|aOttawa, Ontario : |bTreasury Board of Canada Secretariat = Secrétariat du Conseil du trésor du Canada, |c2025. |
| 264 | 4|c©2025 |
| 300 | |a1 online resource (11 pages) |
| 336 | |atext|btxt|2rdacontent |
| 337 | |acomputer|bc|2rdamedia |
| 338 | |aonline resource|bcr|2rdacarrier |
| 500 | |aIssued also in French under title: Politique sur les bacs à sable réglementaires. |
| 500 | |a"Published: 2025-11-24." |
| 504 | |aIncludes bibliographical references (page 9). |
| 650 | 0|aPublic administration|zCanada. |
| 650 | 0|aTechnological innovations|xGovernment policy|zCanada. |
| 710 | 1 |aCanada. |bTreasury Board, |eissuing body. |
| 775 | 08|tPolitique sur les bacs à sable réglementaires.|w(CaOODSP)9.957971 |
| 856 | 40|qPDF|s899 KB|uhttps://publications.gc.ca/collections/collection_2026/sct-tbs/BT58-15-2025-eng.pdf |
| 856 | 4 |qHTML|sN/A|uhttps://www.canada.ca/en/government/system/laws/developing-improving-federal-regulations/requirements-developing-managing-reviewing-regulations/policy-regulatory-sandboxes.html |